Dream SMP Lore Trivia - Statistics

General Stats
  • This quiz has been taken 832 times
  • The average score is 29 of 38
Answer Stats
Hint Answer % Correct
Antagonist & Founder of Dream SMP Dream
100%
Antagonist of the Pet War & is Known for Killing Pets Sapnap
97%
Former Vice President of L'Manburg & Exiled From Dream SMP Tommy
96%
First President of L'Manburg & Betrayed Pogtopia Wilbur
96%
Leader of the Badlands BadBoyHalo
95%
Executed Under Jschlatt's Orders Tubbo
95%
Former Vice President of El Rapids & Former King of Dream SMP George
94%
King of the Dream SMP Eret
92%
President & Founder of El Rapids Quackity
92%
Half Enderman & Lives in Snow Biome With Phil & Technoblade Ranboo
92%
Anarchist & Betrayed Pogtopia in Favor of Eradicating the Government Technoblade
92%
Pandora's Vault Warden Awesamdude
88%
Founding Member of Dream SMP & Mute Callahan
88%
Killed Wilbur Soot During the Manburg Vs. Pogtopia War Philza
87%
Member of the Badlands & First Person to be Corrupted of the Egg Skeppy
85%
Prominent Builder on the SMP & Half Totem, Half Shark Foolish
83%
Writer & Director of "Tales from the SMP" Series Karl Jacobs
83%
Built UFO by Tubbo's House Purpled
83%
Founding Member of Dream SMP but is no Longer Active Alyssa
80%
Employee of Big Innit Hotel & Later Took it Over Jack Manifold
80%
Former Nation Previously Known as L'Manburg Manberg
80%
Mayor of Lemon City Ponk
80%
Burnt L'Manburg's Flag Following the Election Fundy
79%
Known For Placing Roses & Cakes Around the SMP Hannah
79%
Tommy's Most Valuable Pet Cow Who Presumably Died of Fall Damage Henry
78%
Former Independent Nation That Gained Independence From the Dream SMP L'Manberg
76%
Member of the Syndicate & Built the Original L'Manburg Flag Nihachu
76%
Plans to Run a Therapy Business & Objector of the Eggpire Puffy
73%
The Owner of the Only Shulker Box on the Server Punz
71%
Founded After POG2020 Campaign Lost the Election Pogtopia
64%
Citizen of the Badlands & Encourages the Spread of the Blood Vines Antfrost
59%
Founder of Boomerville Vikkstar
55%
Founder of Boomerville & Visited Tommy During Exile LazarBeam
50%
Joined the Day of the Manburg Vs. Pogtopia War & Founder of Little Penis Land Connor
45%
Former Citizen of Boomerville & Was Added the Day of the Election HBomb
44%
Built by Tommy and Ghostbur After Tommy's Exile Logstedshire
33%
Member of Snowchester But is Not Active on the SMP Slimecicle
26%
Abandoned After Citizens Were Terrified From the Destruction of L'Manburg El Rapids
14%
No matching quizzes found
Score Distribution
Percent of People with Each Score
Percentile by Number Answered
Your Score History
You have not taken this quiz